000 00818cab a2200193 4500
001 ##L133030
008 060404n2006 000 0 eng u
035 _a(Sirsi) u133030
041 0 _aeng
100 1 _aKissen, Nicholas
245 0 0 _aDispute resolution
_ban alternative
260 _c2006
490 0 _aNews on the Block
_v(26) 2006, 24(1)
520 _aExplains why the new Leasehold Advisory Service (LEASE) Mediation Scheme has been established and outlines how it works. Concludes that mediation is here to stay as a means of resolving landlord tenant disputes.
590 _aIKA110406
650 2 4 _aLEASE MEDIATION SCHEME
690 _aMANAGEMENT-DISPUTE AVOIDANCE, MANAGEMENT AND RESOLUTION-DISPUTE MANAGEMENT AND RESOLUTION-ALTERNATIVE DISPUTE RESOLUTION-ASSISTED NEGOTIATION-MEDIATION
942 _n0
999 _c76754
_d76754